Подробности
| 000 -МАРКЕР |
| контрольное поле |
02406nam0a2200397 4500 |
| 001 - ИДЕНТИФИКАТОР ЗАПИСИ |
| контрольное поле |
RU\NLR\bibl\868798 |
| 005 - ИДЕНТИФИКАТОР ВЕРСИИ |
| контрольное поле |
20250614161323.0 |
| 010 ## - МЕЖДУНАРОДНЫЙ СТАНДАРТНЫЙ НОМЕР КНИГИ (ISBN) |
| Номер (ISBN) |
5-8037-0256-0 |
| Уточнения |
в обл. |
| 021 ## - НОМЕР ГОСУДАРСТВЕННОЙ РЕГИСТРАЦИИ |
| Код страны |
российская федерация |
| Номер |
2005-40557 |
| Номер Листа государственной регистраци |
2016 |
| 035 ## - ДРУГИЕ СИСТЕМНЫЕ НОМЕРА |
| Идентификатор записи |
(nilc)RSL-KNO-002678135 |
| 035 ## - ДРУГИЕ СИСТЕМНЫЕ НОМЕРА |
| Идентификатор записи |
(NLR Aleph) 000857431 |
| 100 ## - ДАННЫЕ ОБЩЕЙ ОБРАБОТКИ |
| Данные общей обработки |
20050622d2005 |||y0rusy50 ca |
| 101 0# - ЯЗЫК РЕСУРСА |
| Язык текста, звукозаписи и т.д. |
русский |
| -- |
английский |
| 102 ## - СТРАНА ПУБЛИКАЦИИ ИЛИ ПРОИЗВОДСТВА |
| Страна публикации |
российская федерация |
| 105 ## - ПОЛЕ КОДИРОВАННЫХ ДАННЫХ: ТЕКСТОВЫЕ МАТЕРИАЛЫ, МОНОГРАФИЧЕСКИЕ |
| Кодированные данные о монографическом текстовом документе |
a ||||||||| |
| 106 ## - ПОЛЕ КОДИРОВАННЫХ ДАННЫХ: ТЕКСТОВЫЕ РЕСУРСЫ – ФОРМА |
| Форма ресурса: кодированные данные: обозначение носителя |
r |
| 200 1# - ЗАГЛАВИЕ И СВЕДЕНИЯ ОБ ОТВЕТСТВЕННОСТИ |
| Основное заглавие |
Нефтегорское землетрясение 27(28) мая 1995 года на Сахалине |
| Параллельное заглавие |
The may 27(28), 1995 Neftegorsk earthquake on Sakhalin island |
| Сведения, относящиеся к заглавию |
[фотоальбом] |
| Первые сведения об ответственности |
М. И. Стрельцов |
| Последующие сведения об ответственности |
под ред. А. И. Иващенко [и др.] |
| -- |
Рос. акад. наук, Ин-т мор. геологии и геофизики ДВО РАН, Геол. ин-т РАН |
| Язык параллельного заглавия |
английский |
| 210 ## - ПУБЛИКАЦИЯ, РАСПРОСТРАНЕНИЕ И ДР. |
| Место издания, распространения и т.д. |
Москва |
| Имя издателя, распространителя и т. д. |
Янус-К |
| Дата издания, распространения и т.д. |
2005 |
| Имя изготовителя |
ООО Информ-Софт |
| 215 ## - ФИЗИЧЕСКАЯ ХАРАКТЕРИСТИКА |
| Специфическое обозначение материала и объем |
177, [2] с., [1] л. ил. |
| Другие сведения о физической характеристике |
ил., цв. ил. |
| Размеры |
29 |
| 300 ## - ОБЩИЕ ПРИМЕЧАНИЯ |
| Текст примечания |
На обл. авт. не указан |
| 300 ## - ОБЩИЕ ПРИМЕЧАНИЯ |
| Текст примечания |
Текст парал. на рус. и англ. |
| 510 1# - ПАРАЛЛЕЛЬНОЕ ЗАГЛАВИЕ |
| Связь между полями |
z17790 |
| Параллельное заглавие |
The may 27(28), 1995 Neftegorsk earthquake on Sakhalin island |
| Язык заглавия |
английский |
| 606 1# - НАИМЕНОВАНИЕ ТЕМЫ КАК ПРЕДМЕТ |
| Наименование темы |
Нефтегорское землетрясение |
| Формальный подзаголовок |
Фотоальбомы |
| Системный номер авторитетной/нормативной записи |
1714368 |
| Идентификатор авторитетной/нормативной записи |
RU\NLR\auth\66764419 |
| 610 0# - НЕКОНТРОЛИРУЕМЫЕ ПРЕДМЕТНЫЕ ТЕРМИНЫ |
| Предметный термин |
Науки о Земле (геодезические, геофизические, геологические и географические науки) -- Геофизические науки -- Физика Земли -- Сейсмология |
| 610 0# - НЕКОНТРОЛИРУЕМЫЕ ПРЕДМЕТНЫЕ ТЕРМИНЫ |
| Предметный термин |
Науки о Земле (геодезические, геофизические, геологические и географические науки) -- Региональный раздел наук о Земле -- Российская Федерация -- Сахалин, остров -- Геофизическая характеристика -- Сейсмология |
| 686 ## - ИНДЕКСЫ ДРУГИХ КЛАССИФИКАЦИЙ |
| Индекс |
Д217,0 |
| Код системы |
|
| 686 ## - ИНДЕКСЫ ДРУГИХ КЛАССИФИКАЦИЙ |
| Индекс |
Д9(2Р55-4Сах,993)217,0 |
| Код системы |
|
| 686 ## - ИНДЕКСЫ ДРУГИХ КЛАССИФИКАЦИЙ |
| Индекс |
Д217.9(2Р55-4Сах,993)я61 |
| 700 #1 - ИМЯ ЛИЦА - ПЕРВИЧНАЯ ОТВЕТСТВЕННОСТЬ |
| Начальный элемент ввода |
Стрельцов |
| Часть имени, кроме начального элемента ввода |
М. И. |
| Расширение инициалов личного имени |
Михаил Иванович |
| Код отношения |
Автор |
| 790 #1 - ИМЯ ЛИЦА - АЛЬТЕРНАТИВНАЯ ФОРМА |
| Связь между полями |
z17510 |
| Начальный элемент ввода |
Strel'cov |
| Часть имени, кроме начального элемента ввода |
M. I. |
| Расширение инициалов личного имени |
Mixail Ivanovic |
| Код отношения |
Автор |
| 801 #0 - ИСТОЧНИК ЗАПИСИ |
| Страна |
российская федерация |
| Организация |
RuMoRKP |
| Дата составления |
20050622 |
| Правила каталогизации |
rcr |
| 801 #1 - ИСТОЧНИК ЗАПИСИ |
| Страна |
российская федерация |
| Организация |
RuMoRGB |
| Дата составления |
20050622 |
| 801 #2 - ИСТОЧНИК ЗАПИСИ |
| Страна |
российская федерация |
| Организация |
NLR |
| Дата составления |
20051109 |
| Правила каталогизации |
rcr |
| 942 ## - ДОПОЛНИТЕЛЬНЫЕ ЭЛЕМЕНТЫ ЗАПИСИ (АБИС) |
| Тип экземпляра АБИС |
Книга |
| 980 ## - КОЛЛЕКЦИЯ |
| Название коллекции |
Национальная библиография |